Countries in Europe - Two Minute Sprint - Statistics

General Stats
  • This quiz has been taken 3,541 times
  • The average score is 32 of 45
Answer Stats
Answer % Correct
United Kingdom
92%
France
87%
Germany
86%
Spain
85%
Sweden
84%
Finland
83%
Norway
83%
Ireland
82%
Russia
82%
Portugal
79%
Greece
77%
Italy
77%
Iceland
76%
Belgium
75%
Poland
75%
Andorra
74%
Latvia
74%
Albania
73%
Austria
73%
Estonia
73%
Ukraine
73%
Belarus
72%
Denmark
72%
Lithuania
72%
Slovakia
70%
Vatican City
70%
Croatia
69%
Serbia
68%
Bulgaria
67%
Hungary
67%
Netherlands
67%
Slovenia
67%
Bosnia and Herzegovina
66%
Monaco
66%
Romania
66%
Kosovo
65%
Luxembourg
64%
San Marino
64%
Switzerland
64%
Malta
63%
Montenegro
62%
Moldova
60%
Czech Republic
56%
Macedonia
52%
Liechtenstein
49%
No matching quizzes found
Score Distribution
Percent of People with Each Score
Percentile by Number Answered
Your Score History
You have not taken this quiz